Quizzes
Events
Quiz Creation
Community
Videos
Private Events
Remove Ads
Sign In
Join for FREE
Feedback
Dark Mode
Quiz Categories
Sports
Geography
Music
Movies
Television
Just For Fun
Miscellaneous
History
Literature
Language
Science
Gaming
Entertainment
Religion
Holiday
For Kids
Quiz Lab
Recent
Popular Today
Quiz Kudos Today
Editor Picks
Curator Picks
Quizzes by...
Day
Popularity
Type
Ratings
Length
Year
Community
Subscriptions
Recent Discussions
Orange Saloon
Badges
Playlists
Quests
Create
Leaderboards
Showdown
Live 5
Trivia Bingo
Activity
Puzzle Library
Sporcle Events
Private Events
Virtual Trivia
Globe League
Become a Host
Pub Owners
SporcleCon
Opinionation
Our Games
Videos
Blog
Mobile Apps
Partnerships
Remove Ads and Go Orange
Feedback
Television
TV Characters
TV Show
Sitcom
Network
Friends
Reality Shows
Cast
South Park
Star Trek
The Simpsons
Doctor Who
Television
TV Characters
TV Show
Sitcom
Network
Friends
Reality Shows
Cast
South Park
Star Trek
The Simpsons
Doctor Who
Random Quiz
Search Sporcle
×
Quiz Lab
Quiz Lab
Television
Musical
Type in answers that appear in a list
Type in answers that appear in a list
Classic
Best Score? Go Orange.
Saturday Night Live SNL Guest Hosts 1975-1980 Stats
Can you name the Saturday Night Live Hosts from the first five seasons?
By
billymac72
10m
106 Questions
444 Plays
444 Plays
444 Plays
Comments
Comments
Give Quiz Kudos
Give Quiz Kudos
-
- Ratings
hide this ad
Replay
Link that replays current quiz
Next Quiz
Link to next quiz in quiz playlist
You Got
0%
They Got
Avg Score
50%
Avg Friend Score
Upgrade to see
Score Distribution
Jump to the score distribution portion of the page
Score
0/106
Timer
10:00
0
Plays Today
Musical Guest
Host
% Correct
Kinky Friedman
Steve Martin
91.9%
The Kinks
Steve Martin
91.9%
Jackson Browne
Steve Martin
91.9%
The Dirt Band; Randy Newman
Steve Martin
91.9%
The Blues Brothers
Steve Martin
91.9%
Van Morrison
Steve Martin
91.9%
Blondie
Steve Martin
91.9%
3-
D
Steve Martin
91.9%
Billy Joel
Chevy Chase
87.8%
Marianne Faithful
Chevy Chase
87.8%
Billy Preston; Janis Ian
George Carlin
86.9%
Randy Newman; Phoebe Snow; Art Garfunkel
Paul Simon
86.5%
Guest Host
Paul Simon
86.5%
The Specials
Strother Martin
86%
Bill Withers; Toni Basil
Buck Henry
75.9%
Gordon Lightfoot
Buck Henry
75.9%
The Band
Buck Henry
75.9%
Jennifer Warnes; Kenny Vance
Buck Henry
75.9%
Leon Redbone
Buck Henry
75.9%
Sun Ra
Buck Henry
75.9%
The Grateful Dead
Buck Henry
75.9%
Bette Midler
Buck Henry
75.9%
Tom Petty & The Heartbreakers
Buck Henry
75.9%
Andrew Gold; Andrae Crouch& The Voices of Unity
Buck Henry
75.9%
Esther Phillips
Candice Bergen
75.5%
Frank Zappa
Candice Bergen
75.5%
Gil Scott-
Heron
Richard Pryor
74.3%
Martha Reeves; The Stylistics
Canidce Bergen
71.4%
Sam & Dave
Kirk Douglas
66.7%
Anne Murray
Elliot Gould
60.6%
Leon Redbone; Harlan Collins; Joyce Everson
Elliot Gould
60.6%
The McGarrigle Sisters; Roslyn Kind
Elliot Gould
60.6%
Peter Tosh w/
Mick Jagger
Elliot Gould
60.6%
Gary Numan
Elliot Gould
60.6%
Joe Cocker; Stuff
Eric Idle
55.6%
Alan Price; The Rutles
Eric Idle
55.6%
Musical Guest
Host
% Correct
Kate Bush
Eric Idle
55.6%
Bob Dylan
Eric Idle
55.6%
John Belushi (as Joe Cocker)
Rob Reiner
55.2%
Delbert McClinton
Kate Jackson
54.7%
Neil Sedaka
Peter Cook & Dudley Moore
52%
Ornette Coleman
Milton Berle
51.4%
None
Lilly Tomlin
51.1%
James Taylor
Lilly Tomlin
51.1%
Eugene Record
Michael Palin
48.4%
The Doobie Brothers
Michael Palin
48.4%
James Taylor
Michael Palin
48.4%
The Blues Brothers
Carrie Fisher
46.8%
Ashford & Simpson
OJ Simpson
46.6%
Anne Murray
Burt Reynolds
46.2%
Jimmy Buffett; Gary Tigerman
Richard Dreyfuss
44.1%
Stephen Bishop
Art Garfunkel
43.7%
The Preservation Hall Jazz Band
Louise Lasser
43.2%
Abba; Loudon Wainwright III
Robert Klein
42.3%
Bonnie Raitt
Robert Klein
42.3%
George Benson
Ralph Nader
42.1%
Leo Sayer; Donny Harper
Fran Tarkenton
42.1%
None
Walter Matthau
40.1%
Guest Host
Desi Arnaz
39.6%
Guest Host
Frank Zappa
39.2%
The Roaches
Bea Arthur
38.5%
Paul Simon & The Persuasions
Charles Grodin
37.6%
Chicago
Bill Russell
37.6%
Carly Simon
Madeline Kahn
37.4%
Taj Mahal
Madeline Kahn
37.4%
Desmond Child & Rouge
Ted Knight
37.4%
Rita Coolidge
Kris Kristofferson
37.2%
Elvis Costello
Miskel Spillman (Anyone Can Host Winner)
37.2%
Meat Loaf
Christopher Lee
37.2%
Brian Wilson
Jodie Foster
36%
The Meters; Dr. John, Levon Helm & Paul Butterfield
Broderick Crawford
36%
The Rolling Stones
No Host
35.8%
Musical Guest
Host
% Correct
James Taylor & Paul Simon; David Sanborn
None
35.8%
Leon Redbone
Jill Clayburgh
35.1%
Eddie Money
Jill Clayburgh
35.1%
Tom Waits; Brick
Julian Bond
34.9%
Judy Collins
Rick Nelson
34.9%
David Bowie
Martin Sheen
34.2%
The Chieftans
Margot Kidder
33.8%
Richard Baskin
Sissy Spacek
33.6%
John Prine
Karen Black
33.1%
Guest Host
Ray Charles
32.9%
Chuck Berry
Ruth Gordon
32.4%
The Amazing Rhythm Aces; Bruce Cockburn
Bob Newhart
32.4%
The B-
52s
Terri Garr
32%
Devo
Fred Willard
31.8%
The J Geils Band
Rodney Dangerfield
31.8%
Phoebe Snow; John Sebastian
Raquel Welch
31.5%
Joan Armatrading
Shelley Duvall
31.5%
Jimmy Cliff
Dick Cavett
31.1%
Ry Cooder
Dick Cavett
31.1%
Rickie Lee Jones
Richard Benjamin
31.1%
The Grateful Dead
Richard Benjamin & Paula Prentiss
30.9%
Patti Smth Group
Ron Nessen
30.4%
The Talking Heads
Cicley Tyson
30.4%
Willie Nelson
Mary Kay Place
30.2%
Santana
Jack Burns
30%
Libby Titus
Hugh Hefner
29.7%
Eubie Blake
Gary Busey
29.5%
Betty Carter
Anthony Perkins
29.3%
Keith Jarrett; Gravity
Michael Sarrazin
29.1%
Al Jarreau
Peter Boyle
26.6%
Boz Scaggs
Norman Lear
24.5%
Leon & Mary Russell
Dyan Cannon
24.3%
Randy Newman
Howard Hesseman
23.4%
Linda Ronstadt & Phoebe Snow
Maureen Stapleton
20.5%
Quiz Playlist
Details
Report
Send in Message
Add To Playlist
Classic:
Type in answers that appear in a list
Quiz Source
Last Updated: Sep 6, 2022
Quiz Scoreboard
CHALLENGE
Sign Up to Join the Scoreboard
Show All
Scores
Hide
Comments
May contain spoilers
Recently Published
Billboard Blitz: Fleetwood Mac
by CooCooCachoo
Music
15s
Presidents Visiting Landmarks
by Hejman
History
7m
An Introduction to Baseball
by treessimontrees
Sports
5m
More to Explore
Quiz From the Vault
Featured Blog Post
Where Did the Easter Bunny Come From?
hide this ad
You Might Also Like...
Tags
Musical Quiz
1970s
Five
guest
host
Live
Live Hosts
night
Saturday
Saturday Night
season
Today's Top Quizzes in Television
Browse Television
hide this ad
Today's Top Quizzes in Musical
Browse Musical
Top Contributed Quizzes in Television
1
5-to-1: The Simpsons Families
2
5-to-1: Television Doctors
3
7-to-1: TV Show Settings
4
One Piece Logic Puzzle
5
5-to-1: Streaming Originals
6
Survivor Seasons
7
Survivor Logic Puzzle: Heroes vs. Villains
8
TV Shows by First Names
9
Survivor Season by Logo
10
One Thing in Common: Television
Explore More
Trending Topics
Kpop
Marvel
Disney
NBA
Harry Potter
Crossword
Anime
Country
Song
Pokémon
The Office
WWE
NFL
Puzzle
Soccer
hide this ad
More By:
billymac72
Quiz
Plays
Rating
Category
Featured
Created
British Invasion
63,708
4.06
Music
Oct 14, 2009
Live Album Covers of the 1970s
17,580
4.71
Music
Jan 15, 2015
Live Album Covers of the 1980s
17,021
4.55
Music
Jan 22, 2015
Vintage Kenner Star Wars Action Figures
1,593
3.00
Movies
Feb 26, 2010
Not-So-Obvious Sequel Names
708
3.75
Movies
Jan 28, 2010
Go to Creator's Profile
Score Distribution
Quiz Creator Spotlight
billymac72
Follow
Send a Message
Quizzes Created
-
Created Quiz Play Count
-
More By This Creator
Popular Quizzes Today
1
Find the US States - No Outlines Minefield
2
Find the Countries of Europe - No Outlines Minefield
3
The Countries of the World
4
Find the US States
5
Popular People in 1961
6
US States
7
Risky Map Clicking: Biggest States A-Z
8
Movies - When Are They Set?
More Television Quizzes
TV Character Image Sorting IX
Published
Trending Quizzes
Risky Map Clicking: Least Populous States A-Z
1-10 Letter G Words
1-10 Letter F Words
Risky Map Clicking: Next State Alphabetically
'A' Boys' Names Grid
Recently Updated
Leaping Animals
pecheneg
Reality TV Shows (A-Z)
bhenderson79
Rickey Henderson's Hall of Fame Teammates
pecheneg
Champions League XIs: Arsenal
pecheneg
Quick Pick: Celebrities in WWE's Hall of Fame
aduchscher
A-Z Keypad Blitz II
pecheneg
Multiple Oscar Actors
pecheneg
Mystery Phrase Blitz: Oscar 'Best Actors'
pecheneg
F. Scott Fitzgerald Novels
LTH
Pick 3 Villains
ddd62291
Trending Topics
Crossword
Disney
NBA
Marvel
Anime
Harry Potter
Kpop
Country
WWE
Soccer
Puzzle
Pokémon
NFL
Song
The Office
Your Account Isn't Verified!
In order to create a playlist on Sporcle, you need to verify the email address you used during registration. Go to your
Sporcle Settings
to finish the process.
Report this User
Report this user for behavior that violates our
Community Guidelines
.
Details:
Send Report
Go to the Sporcle.com Mobile Site →
Comments